00816nam a2200241 a 4500001001000000003000900010005001700019007000300036008004100039040003000080049000900110082001800119110005900137245003600196264007600232300002700308336002700335337003300362338002800395942001300423952012100436999001700557000030347DO-SdBNP20250306101042.0ta110510s1980 dr 000 0 spa d aDO-SdBNPbspacBNPHUerda aBNPD 4axxxbU58r2222 aUniversidad Nacional Pedro Henríquez Ureña 98398010aReglamento de trabajo de grado. 1aSanto Domingo :bUniversidad Nacional Pedro Henríquez Ureña,c1980. a27 páginas ;c23 cm. atextobtxt2rdacontent asin mediaciónbn2rdamedia avolumenbnc2rdacarrier 2ddccLF2 00102ddc51708PDaBNPHUbBNPHUcCTd2011-05-10l0oBNPHU PD p30347-10r2020-06-25w2020-06-25yLF2ZNo se presta c29839d29839